000 01137nam a2200265Ia 4500
999 _c55198
_d55198
001 22273
003 GE_BSU
005 20230221114019.0
008 181216s ||||ge |||||||||||||| ||geo||
020 _a9789941468322
040 _cGE_BSU
041 _ageo
080 _a811.124'36(075.8) ფ-96
100 _aფხაკაძე, მ.
_916994
245 _aლათინური ენა ტ.1 :
_bგრამატიკა /
_cმ. ფხაკაძე, ლ. ბერძენიშვილი ; რედაქტორები რისმაგ გორდეზიანი, ქეთევან აბესაძე.
250 _aმეორე გამოცემა
264 _aთბილისი
_b[ლოგოსი],
_c2017
300 _a503 გვ. ;
_c 20 სმ.
541 _h10 ლ.
653 _aლათინური ენა ტ.1
653 _aგრამატიკა
700 _aბერძენიშვილი, ლ.
_eავტორი
_93491
700 _aგორდეზიანი, რისმაგ
_eრედაქტორი
_916995
942 _cBK
_2udc